000 00496nam a22001817a 4500
003 CEME
005 20210628210137.0
008 210215b xxu||||| |||| 00| 0 eng d
020 _a81-265-0050-6
040 _c.
082 _a005.432 MUE
100 _aMueller, John.Pau
_978279
245 _aWindows 2000 com,mts,and msmq programming bible
260 _aUSA
_bIDG BOOKS
_c2000
300 _a1017P
650 _aACTIVEX AND COM-UNDERSTANDING WEB BASED WINDOWS 2000
_978280
942 _cBK
_2ddc
999 _c583428
_d583428